Estudios y artículos literarios (Registro nro. 41575)

Detalles MARC
000 -ENCABEZADO
Número de control [NR] 01977nam a2200253Ia 4500
005 - FECHA Y HORA DE LA ÚLTIMA TRANSACCIÓN
control field 20150602111507.0
008 - DE LONGITUD FIJA DE DATOS DE ELEMENTOS - INFORMACIÓN GENERAL
Elementos de longitud fija [NR] 130821s1889 ag fr 1 spa d
040 ## - FUENTE DE CATALOGACION [NR]
Agencia de catalogación original [NR] Co-BoUCM
Idioma de catalogación [NR] spa
Quien Cataloga Sandra Yazo
Quien Clasifica Sandra Yazo
041 1# - CODIGO DE IDIOMA [R]
Código de idioma para texto/pista de sonido o título separado [R] Español
082 04 - NUMERO DE CLASIFICACION DECIMAL DEWEY [R]
Número de clasificación [R] 868.5
Número de la edición [NR] 20
092 ## - SIGNATURA TOPOGRAFICA LOCAL
Número de clasificación local E24N025
100 1# - ASIENTO PRINCIPAL--NOMBRE PERSONAL [NR]
Nombre personal [NR] Oyuela, Calixto
Fechas asociadas con el nombre [NR] 1857-1935
ID Autoridad 69330
245 14 - MENCION DE TITULO [NR]
Título [NR] Estudios y artículos literarios
Mención de responsabilidad, etc. [NR] Calixto Oyuela
260 ## - PUBLICACION, DISTRIBUCION, ETC. (PIE DE IMPRENTA) [R]
Lugar de publicación, distribución, etc. [R] Buenos Aires (Argentina)
Nombre del editor, distribuidor, etc. [R] Imprenta de Pablo E. Coni é hijos
Fecha de publicación, distribución, etc. [R] 1889
300 ## - DESCRIPCION FISICA [R]
Extensión [R] vi, 600 páginas
Dimensiones [R] 22 x 15 cm.
500 ## - NOTA GENERAL [R]
Nota general [NR] Detalles físicos: Encuadernación rígida en cartón forrada en papel. Lomo en cuero con nervaduras sobre costuras y adorados en dorado. Guardas. Portada impresa a una sola tinta. Texto impreso en una sola columna, márgenes amplios, algunas notas al pie de página. Adornos y letras capitales sencillas. Cenefas. Papel de muy buena calidad. En portada con un sello de tinta. Ej. 2 desencuadernado
505 0# - NOTA DE CONTENIDO CON FORMATO PREESTABLECIDO [R]
Nota de contenido con formato preestablecido [NR] Carta a Rafael Obligado sobre sus poesías ; Marcelino Méndez y Pelayo, sus poesías ; Noticias acerca de la vida y escritos del poeta catalán Manuel de Cabanyes ; Carlos Guido y Spano ; En la Ribera ; El Haz de Leña ; El tanto por ciento ; La pasionaria ; El alcalde de Zalamea ; Cid Rodrigo de Vivar ; El gran Galeoto ; Desde Toledo a Madrid ; Marta la Piadosa ; Un milagro en Egipto ; La hija del aire ; La temporada dramática del Politeama ; Fédora ; Fedra ; La dama de las Camelias ; Frou-Frou ; Adriana Lecouvreur ; Hermani ; Teodora ; La Esfinge ; Apuntes estéticos ; Derechos de autor ; Con motivo de Lohengrin ; Versos, Baladas y Nocturnos ; La España del presente ; Sobre arte ; Letras americanas ; España y Echegaray
506 ## - NOTA DE RESTRICCIONES DE ACCESO [R]
Condiciones de acceso [NR] Consulta en sala
650 #7 - ASIENTO SECUNDARIO DE MATERIA - TERMINO TEMATICO [R]
Término temático o nombre geográfico como elemento de entrada [NR] Literatura
Subdivisión de forma [R] Colecciones de escritos
9 (RLIN) 36972
650 #7 - ASIENTO SECUNDARIO DE MATERIA - TERMINO TEMATICO [R]
Término temático o nombre geográfico como elemento de entrada [NR] Literatura española
Subdivisión general [R] Crítica e interpretación
9 (RLIN) 69331
650 #7 - ASIENTO SECUNDARIO DE MATERIA - TERMINO TEMATICO [R]
Término temático o nombre geográfico como elemento de entrada [NR] Ensayos argentinos
9 (RLIN) 14550
690 ## - ASUNTO AGREGADO LOCAL DE ENTRADA - TÉRMINO TEMÁTICO (OCLC, RLIN)
9 (RLIN) 42859
Acceso temático local Literatura
942 ## - ELEMENTOS DE ENTRADA AGREGADOS (KOHA)
Tipo de ítem principal el descrito en 300a Libro
Tema principal 18
Edición 1
Sistema de clasificación LOCAL
Clasificación E24N025
Existencias
Suprimido Perdido Sistema de clasificación Dañado No prestable Tipo de ítem específico Ubicación habitual Ubicación actual Localización Fecha de creación Forma de adquisición Costo Total préstamos Signatura topográfica Código de barras Última vez visto Ejemplar Price effective from Tipo de ítem
    LOCAL     Libro archivo Archivo Histórico Archivo Histórico Archivo histórico 28/02/2013 Donación 0.00   E24N025 L003519 03/02/2013 Ej.1 03/02/2013 Libro
    LOCAL     Libro archivo Archivo Histórico Archivo Histórico Archivo histórico 02/06/2015 Donación 0.00   E24N025 L004900 02/06/2015 Ej.2 02/06/2015 Libro